Statistics for Top 10 most powerful empires in history

Click here to take the quiz!

General Stats

  • This quiz has been taken 46 times
  • The average score is 6 of 10

Answer Stats

RankTypeAnswer% Correct
1EmpireBritish
91%
2EmpireMongol
86%
6EmpireFrench (2nd Colonial)
84%
3EmpireRussian
74%
5EmpireSpanish
72%
4DynastyQing
65%
8CaliphateUmayyad
42%
9DynastyYuan
30%
7CaliphateAbbasid
26%
10EmpireXiongnu
9%

Score Distribution

Percentile by Number Answered

Percent of People with Each Score

Your Score History

You have not taken this quiz